HUMAN RESOURCE DEVELOPMENT AND EMPLOYEE (Record no. 17911)

MARC details
000 -LEADER
fixed length control field 00362nam a2200145Ia 4500
008 - FIXED-LENGTH DATA ELEMENTS--GENERAL INFORMATION
fixed length control field 240624s9999 xx 000 0 und d
041 ## - LANGUAGE CODE
Language code of text/sound track or separate title eng
082 ## - DEWEY DECIMAL CLASSIFICATION NUMBER
Classification number 658.3 RIL
100 ## - MAIN ENTRY--PERSONAL NAME
Personal name RILEY PIPPA
245 ## - TITLE STATEMENT
Title HUMAN RESOURCE DEVELOPMENT AND EMPLOYEE
250 ## - EDITION STATEMENT
Edition statement 11
260 ## - PUBLICATION, DISTRIBUTION, ETC.
Date of publication, distribution, etc. 2011
Place of publication, distribution, etc. New Delhi
Name of publisher, distributor, etc. Viva Books
300 ## - PHYSICAL DESCRIPTION
Extent 180 : p. : cm. ; 24
365 ## - TRADE PRICE
Currency code RS
Price amount 33.5
Holdings
Withdrawn status Lost status Damaged status Not for loan Home library Current library Shelving location Date acquired Source of acquisition Cost, normal purchase price Full call number Barcode Date last seen Copy number Price effective from Koha item type
        IMTN IMTN Rack 23-B 09/17/2011 AP 295.00 658.3 RIL 17911 06/24/2024 1 06/24/2024 Books
Designed & Maintained by: LRC IMT Nagpur Contact: lrc@imtnag.ac.in© 2024. All Rights Reserved.